Statistics for 東京都通称道路名

Click here to take the quiz!

General Stats

  • This quiz has been taken 28 times
  • The average score is 49 of 171

Answer Stats

HintAnswer% Correct
15甲州街道
90%
17青梅街道
81%
56環七通り
76%
87環八通り
76%
9第二京浜
76%
5第一京浜
76%
3明治通り
76%
25日光街道
67%
4山手通り
67%
1内堀通り
67%
2
外堀通り
67%
6中央通り
62%
85新青梅街道
62%
12青山通り
62%
22中山道
62%
16靖国通り
62%
33井ノ頭通り
57%
14新宿通り
57%
67府中街道
57%
27水戸街道
57%
28京葉道路
57%
35五日市街道
52%
31世田谷通り
52%
34中野通り
48%
90笹目通り
48%
30晴海通り
48%
138環二通り
48%
18
目白通り
48%
24昭和通り
48%
21白山通り
48%
20川越街道
48%
19春日通り
48%
13玉川通り
48%
93武蔵境通り
43%
82外苑西通り
43%
84新目白通り
43%
46外苑東通り
43%
97東八道路
43%
10中原街道
43%
62町田街道
43%
59奥多摩街道
43%
91吉祥寺通り
38%
55産業道路
38%
66鎌倉街道
38%
63川崎街道
38%
69小金井街道
38%
70尾久橋通り
38%
151南多摩尾根幹線道路
38%
26江戸通り
38%
49四ツ目通り
38%
102立川通り
38%
36早稲田通り
38%
41永代通り
38%
80湾岸道路
38%
8桜田通り
33%
23本郷通り
33%
83方南通り
33%
32駒沢通り
33%
52中杉通り
33%
37大久保通り
33%
68所沢街道
33%
53北本通り
33%
40清澄通り
33%
98人見街道
33%
11目黒通り
33%
128富士街道
33%
113檜原街道
33%
39言問通り
33%
104新奥多摩街道
29%
79葛西橋通り
29%
161八王子バイパス
29%
88高島通り
29%
89新大宮バイパス
29%
106多摩ニュータウン通り
29%
86千川通り
29%
44海岸通り
29%
54千葉街道
29%
7浅草通り
29%
38不忍通り
29%
48清洲橋通り
29%
29日比谷通り
29%
64野猿街道
29%
45三ツ目通り
29%
47蔵前橋通り
24%
101新小金井街道
24%
42新大橋通り
24%
96連雀通り
24%
142伏見通り
24%
150多摩モノレール通り
24%
111高尾街道
24%
100狛江通り
24%
149日野バイパス
24%
148新府中街道
24%
61陣馬街道
24%
65鶴川街道
24%
146国分寺街道
24%
154多摩大橋通り
24%
74奥戸街道
24%
121湾岸通り
24%
43多摩堤通り
24%
114日原街道
19%
127旧早稲田通り
19%
125旧山手通り
19%
160新滝山街道
19%
105北野街道
19%
129旧青梅街道
19%
78丸八通り
19%
81六本木通り
19%
72墨堤通り
19%
71尾竹橋通り
19%
60東京環状
19%
58滝山街道
19%
92三鷹通り
19%
140要町通り
19%
131江北橋通り
19%
50池上通り
19%
99旧甲州街道
19%
77船堀街道
19%
165
奥多摩周遊道路
19%
134国際通り
14%
143新武蔵境通り
14%
136清砂大橋通り
14%
155平山通り
14%
107岩蔵街道
14%
144天文台通り
14%
108睦橋通り
14%
103芋窪街道
14%
94志木街道
14%
57秋川街道
14%
75柴又街道
14%
139淡島通り
14%
158
羽村街道
14%
157西多摩産業道路
10%
147多喜窪通り
10%
152芝溝街道
10%
141松原通り
10%
153成瀬街道
10%
76篠崎街道
10%
137有明通り
10%
133ゆりのき橋通り
10%
73平和橋通り
10%
51自由通り
10%
109小曽木街道
10%
110成木街道
10%
112吉野街道
10%
156瑞穂バイパス
10%
164多摩川南岸道路
10%
163美山通り
10%
126旧海岸通り
10%
130鳩ヶ谷街道
10%
159永田橋通り
10%
167八丈中央道路
5%
162山田通り
5%
168八丈空港道路
5%
166八丈一周道路
5%
124旧白山通り
5%
135道灌山通り
5%
132川の手通り
5%
123夜明道路
5%
122小港道路
5%
120三宅一周道路
5%
118式根本道
5%
117新島本道
5%
116三原山登山道路
5%
115大島一周道路
5%
95多摩湖自転車歩行者道
5%
145稲城大橋通り
0%
119神津本道
0%
169青ヶ島本道
0%
170利島一周道路
0%
171御蔵島本道
0%

Score Distribution

Percentile by Number Answered

Percent of People with Each Score

Your Score History

You have not taken this quiz